Emblemas / (Record no. 21747)

MARC details
000 -LEADER
campo de control de longitud fija 00881nam a2200265 i 4500
001 - NÚMERO DE CONTROL
campo de control 21747
003 - IDENTIFICADOR DE NÚMERO DE CONTROL
campo de control ES-MaACL
005 - FECHA Y HORA DE LA ÚLTIMA TRANSACCIÓN
campo de control 20260222063015.0
007 - CAMPO FIJO DE DESCRIPCIÓN FÍSICA--INFORMACIÓN GENERAL
campo de control de longitud fija t|
008 - DATOS DE LONGITUD FIJA--INFORMACIÓN GENERAL
campo de control de longitud fija 021127s1985 sp ||||1| spa d
020 ## - NÚMERO INTERNACIONAL ESTÁNDAR DEL LIBRO
Número Internacional Estándar del Libro 84-7600-044-8
100 1# - ENTRADA PRINCIPAL--NOMBRE DE PERSONA
Nombre de persona Alciati, Andrea,
Fechas asociadas al nombre 1492-1550
9 (RLIN) 19545
245 10 - MENCIÓN DEL TÍTULO
Título Emblemas /
Mención de responsabilidad, etc. Alciato ; edición y comentario, Santiago Sebastián ; prólogo, Aurora Egido ; traducción actualizada, Pilar Pedraza.
260 ## - PUBLICACIÓN, DISTRIBUCIÓN, ETC.
Lugar de publicación, distribución, etc. Madrid :
Nombre del editor, distribuidor, etc. Akal,
Fecha de publicación, distribución, etc. [1985]
300 ## - DESCRIPCIÓN FÍSICA
Extensión 278 p. :
Otras características físicas il. ;
Dimensiones 24 cm.
490 1# - MENCIÓN DE SERIE
Mención de serie Akal/arte y estética ;
Designación de volumen o secuencia 2
500 ## - NOTA GENERAL
Nota general Indices.
650 07 - PUNTO DE ACCESO ADICIONAL DE MATERIA--TÉRMINO DE MATERIA
Término de materia o nombre geográfico como elemento de entrada Emblemas
Fuente del encabezamiento o término embne
9 (RLIN) 10095
700 1# - ENTRADA AGREGADA--NOMBRE PERSONAL
Nombre de persona Sebastián López, Santiago.
9 (RLIN) 105017
700 1# - ENTRADA AGREGADA--NOMBRE PERSONAL
Nombre de persona Egido, Aurora.
9 (RLIN) 46731
700 1# - ENTRADA AGREGADA--NOMBRE PERSONAL
Nombre de persona Pedraza, Pilar.
9 (RLIN) 89887
830 00 - PUNTO DE ACCESO ADICIONAL DE SERIE-TÍTULO UNIFORME
Título uniforme Arte y estética (Akal)
Designación de volumen o secuencia 2
9 (RLIN) 179390
852 ## - LOCALIZACIÓN
Ubicación ES-MaACL
Número de control de estantería L-8519
Sublocalización o colección R.108985
Holdings
Estatus retirado Estado de pérdida Estado de daño No para préstamo Biblioteca de origen Biblioteca actual Ubicación en estantería Fecha de adquisición Fuente de adquisición Total de préstamos Signatura topográfica completa Código de barras Visto por última vez Precio de reemplazo Tipo de ítem Koha
        Biblioteca del Ateneo de Madrid Biblioteca del Ateneo de Madrid Depósito 2 17/01/2008     L-8519 1022353 23/02/2023 23/02/2023 Libro impreso